000 00405nam a2200169Ia 4500
005 20240823045233.0
008 240823s9999||||xx |||||||||||||| ||und||
041 _aENGLISH
082 _A540 P6
100 _aKarunanithi m [et al]
245 0 _aApplied Chemistry
250 _a1st
260 _c2006
_b"Anuradha,Kumbakonam"
500 _aTRANSFERED
650 _aChemistry
_bChemistry
942 _cBK
999 _c214491
_d214491